Varys or Littlefinger? Quiz Stats

 Plays Quiz Updated Jul 13, 2017

Support Sporcle.
Go Orange.
Score 0/28 Timer 05:00
0 Plays Today
Quote V or L? % Correct
Why is it always the innocents who suffer most, when you high lords play your game of thrones????
79.1%
When you find yourself in bed with an ugly woman, the best thing to do is close your eyes and get on with it.???
78.9%
I am what I am. The king makes use of me, but it shames him.???
76.3%
All men must swallow the sour with the sweet. High lords and eunuchs alike.???
76%
Distrusting me was the wisest thing you've done since you climbed down off your horse.???
75.9%
We who presume to rule must do vile things for the good of the realm, however much it pains us.???
72.3%
The faithful dog is kicked, and no matter how the spider weaves, he is never loved.???
72.2%
Always keep your foes confused. If they are never certain who you are or what you want, they cannot know what you are like to do next.???
70%
The storms come and go, the waves crash overhead, the big fish eat the little fish, and I keep on paddling.???
69.3%
You wear your honor like a suit of armor, Stark. You think it keeps you safe, but all it does is weigh you down and make it hard for you to move.???
69%
Power resides where men believe it resides. No more and no less.???
68.4%
Do you Starks have naught but snow between your ears????
68.2%
It always gladdens my heart to see the young rise in the world.???
67.6%
There is no creature on earth half so terrifying as a truly just man.???
66.4%
Quote V or L? % Correct
When you know what a man wants you know who he is, and how to move him.???
65.2%
A courageous informer would be as useless as a cowardly knight.???
64.5%
A bag of dragons buys a man's silence for a while, but a well-placed quarrel buys it forever.???
62.4%
You are the King's Hand, and the king is a fool. Your friend, I know, but a fool nonetheless.???
61%
What avails statecraft against the love of a mother for the sweet fruit of her womb????
57.5%
Men of honor will do things for their children that they would never consider doing for themselves.???
55.4%
The King is fighting hares with a crossbow. The hares are winning.???
53.5%
When you see me next at council, be certain to treat me with your accustomed contempt. You should not find it difficult.???
53.3%
I flatter myself that I am not unskilled in negotiation.???
53.1%
I have spent years convincing the court that I am wicked and cruel, and I should hate to see all that hard work go for naught.???
52.6%
You rule like a man dancing on rotten ice. I daresay you will make a noble splash.???
49.4%
I strive to look elegant every day.???
48.6%
You can match the queen coin for coin, I have no doubt, but she has a second purse that is quite inexhaustible.???
48.3%
I've never been frightened of shepherds. It's the sheep who trouble me.???
42.8%

You're not logged in!

Compare scores with friends on all Sporcle quizzes.
OR
Log In
Forgot?

From the Vault

Ruined By A Letter: Movies (1980s) II

by samc67

Sorry, we'll try not to ruin anymore movies for you in the future.
Remove Ads.
Support Sporcle.
Get the best of Sporcle when you Go Orange. This ad-free experience offers more features, more stats, and more fun while also helping to support Sporcle. Thank you for becoming a member.

Show Comments

Extras

Top Quizzes Today


Score Distribution

Your Account Isn't Verified!

In order to create a playlist on Sporcle, you need to verify the email address you used during registration. Go to your Sporcle Settings to finish the process.

Report this User

Report this user for behavior that violates our Community Guidelines.

Details: